| 000 | 00666cam a22002172 4500 | ||
|---|---|---|---|
| 001 | 0000020304 | ||
| 005 | 20151217152212.0 | ||
| 008 | 110909s xx 000 0 eng d | ||
| 020 | _a0199543656 : | ||
| 040 |
_aKABU _cKABU |
||
| 245 | 1 | 4 |
_aThe oxford handbook of religion and science / _cPhilip Clayton, Zachary simpson (eds.) |
| 250 | _a1st ed. | ||
| 260 |
_aNew York : _bO. U. P, _c2006. |
||
| 300 | _axvi, 1023 p. | ||
| 650 | 0 |
_aReligion and Science. _@0000148531 |
|
| 700 | 1 |
_aClayton, Philip. _@0000148232 |
|
| 700 | 1 |
_aSimpson, Zachary. _@0000180461 |
|
| 852 | 1 | _9p4200 KES | |
| 908 | _a110909 | ||
| 950 | _@1 | ||
| 999 |
_c9264 _d9264 |
||